000 00763cam a2200229 4500
008 090401t1990 xxu||||| |||| 00| 0 eng d
020 _a9519600353
035 _a(Sirsi) u69370
041 _aeng
050 _a526.9
110 _aFederation International Des Geometres
245 _aXVIX (i.e.XIX) congress... Helsinki , Finland, June 10-19 1990:commission 2...professional education and literature
260 _aHelsinki
_bFIG
_c1990
300 _a203p. : ill. ; 21cm.
350 _a0
520 _aPapers include:- New skills for a changing role/ COOTE,A.M. - Education for marine resource management/ KING,JOHN .
650 _aLAND INFORMATION SYSTEMS
650 _aMARINE RESOURCES
650 _aSURVEYING
942 _n0
948 _c04/03/1997
999 _c95190
_d95190